Las Playitas : carta topográfica /

Carta topográfica de la región circundante a Las Playitas. Cubre, hacia el norte, Puerto Morillo; al sur, El Plan de Téllez; al este, Barranca Honda, y al oeste, Las Minitas, todas ellas, poblaciones en el estado de Michoacán.

שמור ב:
מידע ביבליוגרפי
מחבר תאגידי: Instituto Nacional de Estadística, Geografía e Informática
פורמט: מפה
מהדורה:2a edición
סדרה:(Carta Topográfica)
נושאים:
תגים: הוספת תג
אין תגיות, היה/י הראשונ/ה לתייג את הרשומה!

MARC

LEADER 00000nem^a2200000^a^4500
001 000156700
005 20250521000000.0
009 20260310100514.762
037 |a Acervo ITESO - Biblioteca 
041 |a GRA 
093 |a E-13-B-78 
110 |a Instituto Nacional de Estadística, Geografía e Informática 
240 1 1 |a [Playitas, materiales cartográficos] 
245 1 0 |a Las Playitas :  |b carta topográfica /  |c INEGI. 
250 |a 2a edición 
255 |a Escala 1 : 50 000 ;  |b Proyección Universal Transversa de Mercator 
264 |a Aguascalientes, México :  |b Instituto Nacional de Estadística, Geografía e Informática, Dirección General de Geografía,  |c 2003 
300 |a 1 mapa 
336 |a imagen cartográfica estática  |b cri  |2 rdacontenido 
337 |a sin mediación  |b n  |2 rdamedio 
338 |a mapa  |b nz  |2 rdasoporte 
440 1 |a (Carta Topográfica) 
520 |a Carta topográfica de la región circundante a Las Playitas. Cubre, hacia el norte, Puerto Morillo; al sur, El Plan de Téllez; al este, Barranca Honda, y al oeste, Las Minitas, todas ellas, poblaciones en el estado de Michoacán. 
522 |a Cartas adyacentes: E13B67, E13B68, E13B69, E13B77, E13B79, E13B87, E13B88, E13B89 
522 |a Vegetación predominante: vegetación silvestre 
522 |a Carta formada por métodos fotogramétricos a partir de fotografías obtenidas en enero de 1996 
546 |a Edición gráfica con texto en español 
649 |a XX 
650 |a Topografía -  |z México 
650 |a Sierra La Maroma 
650 |a Sierra La Fierrería 
650 |a Sierra Filo de Sánchez 
650 |a Sierra Filo de Solorio 
650 |a Las Playitas, Michoacán -  |x Mapas 
650 |a Barranca Honda, Michoacán -  |x Mapas 
650 |a El Plan de Téllez, Michoacán -  |x Mapas 
650 |a Las Minitas, Michoacán -  |x Mapas 
650 |a Puerto Morillo, Michoacán -  |x Mapas 
650 |a Michoacán -  |x Mapas 
650 |a México -  |x Mapas 
910 |a Fondo General 
920 |a Gráficos - Mapas 
905 |a 503 
901 |a 0500047894  |b IT2  |c MAP  |u 20250521 
902 |a https://opac.biblio.iteso.mx/vufind/Record/000156700